000 00343nam a22001457a 4500
003 MACL
005 20190123155543.0
008 190123b xxu||||| |||| 00| 0 eng d
040 _c MACL
100 _aJindal, Aditi
_973693
245 _aGreen Gadgets
260 _aNew Delhi
_bTeri
_c2015
650 _aChildren
_973694
942 _2ddc
_cBK
999 _c58918
_d58918